000 00314 a2200157 4500
001 61130
020 _a0333924568
040 _cAnchieta - Pituba
100 _aPye, Diana
240 1 0 _aMove up
_lpor
245 1 0 _aMove up
300 _a53
362 0 _a1998
650 4 _aInglês e inglês antigo
942 _cBK
999 _c61130
_d61130